000 00219nam a2200097Ia 4500
008 230915s9999 xx 000 0 und d
050 _aSF 105 .H 36
100 _aHammond,John
245 0 _aAnimal Breeding
942 _cBK
999 _c202012
_d202012